000
00202 a2200097 4500
001
84162
090
_c
40048
_d
40047
100
_a
Raza Ali Aabdi
245
_a
Gernaili Sarrak
260
_b
Sang-e-Meel Publications
942
_a
NUST-CAE
999
_c
319235
_d
319235